|
|
|
|
| LEADER |
00000nam0a2200000 4500 |
| 001 |
189488 |
| 005 |
20231101224216.0 |
| 010 |
|
|
|a 9785996304448
|
| 035 |
|
|
|a (RuTPU)RU\TPU\book\205995
|
| 090 |
|
|
|a 189488
|
| 100 |
|
|
|a 20101224d2011 m y0rusy50 ca
|
| 101 |
0 |
|
|a rus
|
| 102 |
|
|
|a RU
|
| 105 |
|
|
|a a j 001zy
|
| 200 |
1 |
|
|a Построение распределенных программных систем на Java
|e учебное пособие
|f А. Н. Свистунов
|
| 210 |
|
|
|a Москва
|c БИНОМ. Лаборатория знаний
|d 2011
|
| 215 |
|
|
|a 279 с.
|c ил.
|
| 225 |
1 |
|
|a Основы информационных технологий
|
| 320 |
|
|
|a Библиогр.: с. 278-279.
|
| 330 |
|
|
|a В рамках курса рассматривается ряд популярных способов разработки распределенных приложений с использованием технологии Java (APIjava.net <http://APIjava.net>, RMI, CORBA, Webсервисы, JMS). Все рассматриваемые технологии и программные средства либо входят в стандартный комплект поставки J2SE, либо могут быть свободно загружены с сайтов компаний-разработчиков. Использование всех рассматриваемых в книге технологий иллюстрируется примерами.
|
| 606 |
1 |
|
|a Распределенные системы обработки данных
|2 stltpush
|3 (RuTPU)RU\TPU\subj\70409
|9 84676
|
| 610 |
1 |
|
|a архитектура
|
| 610 |
1 |
|
|a использование
|
| 610 |
1 |
|
|a API
|
| 610 |
1 |
|
|a CORBA
|
| 610 |
1 |
|
|a Web-сервисы
|
| 610 |
1 |
|
|a Java
|
| 610 |
1 |
|
|a компиляция
|
| 610 |
1 |
|
|a параллелизм
|
| 610 |
1 |
|
|a учебные пособия
|
| 675 |
|
|
|a 004.75(075.8)
|v 3
|
| 700 |
|
1 |
|a Свистунов
|b А. Н.
|g Алексей Николаевич
|
| 801 |
|
1 |
|a RU
|b 63413507
|c 20101224
|
| 801 |
|
2 |
|a RU
|b 63413507
|c 20140515
|g RCR
|
| 942 |
|
|
|c BK
|
| 959 |
|
|
|a 94/20101223
|d 1
|e 250,00
|f ЧЗТЛ:1
|